000 00414nam a2200145Ia 4500
008 210716s2005 xx 000 0 und d
020 _a0749444444
041 _aeng
082 _a174.9658 INTE
245 _aHandbook of international corporate governance: a definitive guide.
_bDefinitive guide.
250 _a1
260 _aNew Delhi
_bKogan Page
_c2005
300 _axxi,506
650 _aCorporate Governance
999 _c207768
_d207768